| 000 | 00438nam a2200157Ia 4500 | ||
|---|---|---|---|
| 008 | 151213s9999 xx 000 0 und d | ||
| 100 | _aJohn M. Nicolas | ||
| 245 |
_aProject management for business & technology _bPrinciples & practice _cJohn M. Nicolas |
||
| 250 | _a2nd | ||
| 260 |
_aNew Delhi _bPrentice hall _c2003 |
||
| 300 | _a1715 p. | ||
| 650 | _aManagement | ||
| 650 | _aManagement | ||
| 700 | _aJohn M. Nicolas | ||
| 999 |
_c1266 _d1266 |
||